01393nam a22003617a 4500003000500000005001700005008004100022010001000063011001000073035001000083040000900093090001000102100004900112245014000161260003900301300003100340502009900371590003700470590004100507590004100548590004100589590004100630590004200671650002700713650004400740650002300784650002800807901000700835942001000842949003500852999001700887952012700904CHAP20220329134017.0971013s1981 r 00010 d a14057 a15029 a19103 cCHAP aTesis00aGonzález Handal, Víctor Moisés.949025 aPrueba de herbicida experimental fluazifophutil (PP-009) en el invernadero y en el control integral de malezas en el cultivo de girasol aMonterrey, N.L. :bEl autor,c1981 a84 h.b: gráfs. : tablas aTesis (Ing. Agrónomo en Producción) -- ITESM. Div. de Ciencias Agropecuarias y Marítimas aALEPHb10c20130110lUCH01h1234 aBATCH-UPDb10c20130110lUCH01h0021 aBATCH-UPDb10c20130110lUCH01h0908 aBATCH-UPDb10c20130410lUCH01h0534 aBATCH-UPDb10c20130914lUCH01h1543 aCONVERSIONb10c20130109lUCH01h130914aFluazifopbutil.94188614aGirasolxMalas hierbasxControl.94816014aHerbicidas.95369114aZacate Johnson.9123396 aBK cTESIS bBCcTESd-44310eTS1i19103si c14057d14057 00102local4051718TESISaBCbBCcPA_TESISd2012-12-17fTESISl0oTesisp-44310r2019-12-31 00:00:00w2019-12-31yTESIS